Регионална библиотека "Любен Каравелов" - Русе

Масовата приватизация (Запис номер 11155)

MARC детайли
000 -Лидер
Контролно поле с фиксирана дължина 01357nam a2200313 c 4500
003 - Код на организацията, давaща контролен номер
Контролно поле BLK
005 - Дата и час на последна редакция
Контролно поле 20180420214621.0
008 - Елементи от данни с фиксирана дължина
fixed length control field 180412b bul|||||r ||||||| ||bul||
010 ## - Наследен системен номер
LC control number KNG00012679000
020 ## - Международен стандартен номер на книга ISBN
Международен стандартен номер на книга ISBN 954-649-052-0
-- издат.: Сиела Софт енд Паблишинг
040 ## - Източник на каталожния запис
Идентификатор на билиотеката - собственик на записа BLK
041 ## - Код за език
Код за езика на текст/звукозапис или на отделно заглавие Български
Код за езика КДБФ Български
080 ## - УДК
Текстов определител УДК Намеса на държавата в пазарното стопанство. Вж и 338.246
УДК код - определител по УДК 338.242.4
УДК определител .025.88(497.2)
УДК - код + определител 338.242.4.025.88(497.2)
100 1# - Редна дума - Автор
Автор Пасев, Веселин
Авторска отговорност първи автор
R(LIN) 249276
139 ## - Редно поле
Редна дума Пасев, Веселин
Авторски знак Пас - П 25
245 10 - Сведения за заглавието
Заглавие Масовата приватизация
Подзаглавни данни Какво печелим и какво рискуваме
Редно поле (дума) Веселин Пасев.
257 ## - Страна на издаване
Страна на създаване/издаване България
260 ## - Област на издателските данни
-- София
Име на издателя, разпространителя и проч. Сиела Софт енд Паблишинг
Година на издаване 1996
300 ## - Физическа характеристика
Страници 130 с.
Илюстрации и др. със сх., табл.
Размери/Мащаб 23 см
380 ## - Жанр
Жанр Обществени науки
500 ## - Общи забележки
Забележка Деп. списък: 19. - Авт. не е отбелязан на кор. - 1 000 тир. - Геогр. руб.: България.
650 #4 - Допълнително описание по предмет – тема
Основно описание – тема или топоним Приватизация - България
9 (RLIN) 256188
653 ## - Ключова дума – ненормативна
Ключова дума приватизация
852 ## - Местоположение
Форматна сигнатура Цб 188984
856 4# - Електронен адрес и достъп
Електронен формат pdf - файл
Път до файла /url/
856 4# - Електронен адрес и достъп
Електронен формат pdf - файл
Път до файла /url/
942 ## - АРТИКУЛИ
Вид на библиотечния материал Книги
Скрит в OPAC Не
944 ## - СЪЗДАВАНЕ И РЕДАКЦИЯ на ЗАПИСА
Създаване/Редакция Създаване
Дата на регистрацията/редакция 15.01.2003
Служител, извършил регистрацията/редакцията Кети_Илиева
944 ## - СЪЗДАВАНЕ И РЕДАКЦИЯ на ЗАПИСА
Създаване/Редакция Редакция
Дата на регистрацията/редакция 03.09.2015
Служител, извършил регистрацията/редакцията Нора_Радева
999 ## - СИСТЕМНИ КОНТРОЛНИ НОМЕРА
Koha biblionumber 11155
Koha biblioitemnumber 11155
Наличности
Код за отписване Код за изгубен артикул Източник на класификационната схема Код за повреда Коз за рестрикции Код за отдаване Артикулен № Име на библиотеката - собственик Име на библиотеката, в която се намира в момента Статус (Текущо местоположение) Дата на вписване в системата Местоположение - отдел Цена в лева Инвентарен номер Систематично азбучна сигнатура Баркод Номер на екземпляра Цена в евро Служебна бележка Служебен тип на артикула
Изтеглен Не е изгубен Universal Decimal Classification Не е повреден без рестрикции ползва се в читалня 19364 Регионална библиотека "Любен Каравелов" Русе Регионална библиотека "Любен Каравелов" Русе Читалня 2001-01-01 Читалня 0.92 620718 Ч 338/П 25 620718 1 0.47 Дата инв: 23.03.2017 Бележки инв: Ч2017 Книги
  Не е изгубен Universal Decimal Classification Не е повреден без рестрикции ползва се в читалня 19365 Регионална библиотека "Любен Каравелов" Русе Регионална библиотека "Любен Каравелов" Русе Хранилище 2001-01-01 Хранилище 0.92 623133 Цб 188984 120000623133 2 0.47   Книги
Vip Innovations Ltd, Rousse, Bulgaria 2025